00422nam a2200157Ia 4500008004100000020001400041084001500055100002300070245005300093250002000146260001900166260000900185260002200194300001300216500003500229180424s9999 xx 000 0 und d a133351416 a510.78 G17 a"Grout, V Jarrell" 0aFundamental Computer Programing Using Fortran-77 a\\198300ENGGPSX aPrentice Hall  b1983 cEnglewood Cliffs  axiv+384p aincludes index and biblioraphy